00616 2200241 4500001002100000005001700021008004100038020001800079035002500097040001200122082000800134090001300142100001700155245004400172250001100216260003100227300003000258500002700288650002000315850001200335990001500347990001200362YOGYA-0209000006381720150217110923.0 ind  a979-413-190-3 a0010-020900000063817 aYOPDYOG a690 a690 ri I aFrick, Heinz aIlmu konstruksi bangunanc/ Heinz Frick aCet. 9 aYogyakartabKanisiusc1993 a...jil :bilus. ;c21 cm. aYang diterima : Jil. 1 aTeknik bangunan aYOPDYOG a58865-P/95 a14350-P